[Event "XVIII Weekend A"]
[Site "Ceriano Laghetto ITA"]
[Date "2009.03.27"]
[Round "1"]
[White "Berni, Fabrizio"]
[Black "Vezzosi, Paolo"]
[Result "0-1"]
[WhiteElo "2136"]
[BlackElo "2374"]
[PlyCount "104"]
[EventDate "2009.03.27"]

1. e4 c6 2. d4 d5 3. Nc3 dxe4 4. Nxe4 Bf5 5. Ng3 Bg6 6. Bc4 e6 7. N1e2 Bd6 8.
O-O Qh4 9. f4 Nh6 10. c3 Nd7 11. Qe1 O-O 12. h3 Nb6 13. Bb3 Nd5 14. Qf2 Rfe8
15. Qf3 Rad8 16. Bd2 Bf8 17. c4 Nc7 18. Be1 Qe7 19. Bc3 Na6 20. Rae1 Nb4 21. a3
Na6 22. Kh1 Qc7 23. Ba2 c5 24. d5 Qb6 25. Nc1 Nc7 26. Nd3 Bxd3 27. Qxd3 exd5
28. Rxe8 Nxe8 29. cxd5 Nf6 30. Ne4 Nxe4 31. Qxe4 Qg6 32. f5 Qg5 33. Qd3 Bd6 34.
Qf3 Re8 35. Qf2 Ng4 36. Qd2 Qh4 37. Re1 Rd8 38. Qe2 h5 39. Qf3 b5 40. Kg1 Bh2+
41. Kh1 c4 42. Re2 Bg3 43. Kg1 Bh2+ 44. Kh1 Bg3 45. Kg1 Nf6 46. Bxf6 gxf6 47.
Rd2 Be5 48. Qf2 Qe4 49. Qe2 Qxe2 50. Rxe2 Rxd5 51. a4 Bg3 52. Re8+ Kg7 0-1

[Event "XVIII Weekend A"]
[Site "Ceriano Laghetto ITA"]
[Date "2009.03.27"]
[Round "1"]
[White "Boffa, Mauro"]
[Black "Gagliardi, Christian"]
[Result "1/2-1/2"]
[WhiteElo "2059"]
[BlackElo "2209"]
[PlyCount "38"]
[EventDate "2009.03.27"]

1. d4 Nf6 2. c4 g6 3. Nc3 Bg7 4. e4 d6 5. f3 O-O 6. Nge2 e5 7. dxe5 dxe5 8.
Qxd8 Rxd8 9. Nd5 Nxd5 10. cxd5 c6 11. Nc3 cxd5 12. Nxd5 Nc6 13. Bg5 Rd6 14. Rc1
Bd7 15. Nc7 Rf8 16. Nb5 Re6 17. Nc7 Rd6 18. Nb5 Re6 19. Nc7 Rd6 1/2-1/2

[Event "XVIII Weekend A"]
[Site "Ceriano Laghetto ITA"]
[Date "2009.03.27"]
[Round "1"]
[White "Cazzaniga, Walter"]
[Black "Petrov, Vladimir Olegov"]
[Result "0-1"]
[WhiteElo "2192"]
[BlackElo "2009"]
[PlyCount "60"]
[EventDate "2009.03.27"]

1. d4 Nf6 2. c4 g6 3. Nc3 Bg7 4. e4 d6 5. Nf3 O-O 6. Be2 Nc6 7. O-O e5 8. d5
Ne7 9. b4 a5 10. Ba3 axb4 11. Bxb4 b6 12. a4 Ne8 13. a5 bxa5 14. Rxa5 Rxa5 15.
Bxa5 f5 16. Qb3 Kh8 17. Qb8 h6 18. Rd1 Qd7 19. c5 fxe4 20. Nxe4 Qa4 21. Qb4
Qxb4 22. Bxb4 Rf4 23. Bd3 Nxd5 24. Bd2 Rf8 25. Bc4 Ndf6 26. Nxf6 Nxf6 27. cxd6
cxd6 28. Bb4 Bg4 29. Bxd6 Bxf3 30. Bxf8 Bxd1 0-1

[Event "XVIII Weekend A"]
[Site "Ceriano Laghetto ITA"]
[Date "2009.03.27"]
[Round "1"]
[White "Codenotti, Marco"]
[Black "La Manna, Andrea"]
[Result "0-1"]
[WhiteElo "1992"]
[BlackElo "2167"]
[PlyCount "76"]
[EventDate "2009.03.27"]

1. e4 d6 2. d4 Nf6 3. Nc3 c6 4. f4 Qa5 5. Bd3 e5 6. Nf3 Bg4 7. dxe5 dxe5 8. O-O
Nbd7 9. h3 Bxf3 10. Qxf3 Be7 11. f5 O-O-O 12. a3 Qc7 13. b4 Kb8 14. Be3 c5 15.
Qe2 Nb6 16. Qf2 c4 17. Be2 Qc6 18. b5 Qc7 19. a4 Bb4 20. a5 Bxc3 21. axb6 axb6
22. Ra4 Nxe4 23. Bxb6 Qxb6 24. Qxb6 Bd4+ 25. Qxd4 Rxd4 26. Rxc4 Rxc4 27. Bxc4
Nd2 28. Bxf7 Nxf1 29. Kxf1 Kc7 30. Ke2 Kd6 31. Ke3 Rc8 32. c4 b6 33. Bd5 Rc7
34. Bg8 h6 35. Bd5 Ra7 36. Kd3 Ra3+ 37. Ke2 Kc5 38. Kf2 Kd4 0-1

[Event "XVIII Weekend A"]
[Site "Ceriano Laghetto ITA"]
[Date "2009.03.27"]
[Round "1"]
[White "La Manna, Francesco"]
[Black "Genocchio, Daniele"]
[Result "1-0"]
[WhiteElo "2156"]
[BlackElo "2440"]
[PlyCount "77"]
[EventDate "2009.03.27"]

1. d4 d6 2. c4 g6 3. Nc3 Bg7 4. e4 Nc6 5. Be3 e5 6. d5 Nd4 7. Nge2 c5 8. dxc6
Nxc6 9. Qd2 Nf6 10. f3 O-O 11. Nd5 Nxd5 12. cxd5 Ne7 13. Nc3 f5 14. Bd3 Bd7 15.
Rc1 Kh8 16. O-O f4 17. Bf2 a6 18. Ne2 b5 19. Qc3 Rf6 20. Qc7 Qe8 21. Qb7 g5 22.
Rc7 Rb8 23. Qa7 Ra8 24. Qb7 Rb8 25. Qa7 Rd8 26. Qxa6 Rh6 27. Rxd7 Qxd7 28. Bxb5
Qc8 29. Qxc8 Rxc8 30. Rc1 Bf6 31. Rxc8+ Nxc8 32. Bd7 Ne7 33. a4 Rg6 34. Be6 Rg7
35. a5 g4 36. fxg4 Ng6 37. a6 Bh4 38. g3 f3 39. Nc3 1-0

[Event "XVIII Weekend A"]
[Site "Ceriano Laghetto ITA"]
[Date "2009.03.27"]
[Round "1"]
[White "Lapiccirella, Daniele"]
[Black "Ranfagni, Stefano"]
[Result "1-0"]
[WhiteElo "2197"]
[BlackElo "2041"]
[PlyCount "61"]
[EventDate "2009.03.27"]

1. d4 e6 2. c4 f5 3. Nf3 Nf6 4. e3 Be7 5. Bd3 O-O 6. O-O d6 7. Nc3 Qe8 8. Qc2
Nc6 9. a3 Qh5 10. Be2 g5 11. d5 Nd8 12. dxe6 Nxe6 13. Nd4 Nxd4 14. exd4 Qg6 15.
Bd3 Bd7 16. Bd2 Qg7 17. Bxf5 Rae8 18. Rae1 c6 19. d5 Kh8 20. Bxd7 Nxd7 21. dxc6
bxc6 22. Ne4 Ne5 23. Bc3 Qg6 24. Qa4 Kg8 25. c5 Nd3 26. cxd6 Bxd6 27. Qc4+ Re6
28. Nf6+ Rfxf6 29. Bxf6 Nxe1 30. Qxe6+ Qf7 31. Qxd6 1-0

[Event "XVIII Weekend A"]
[Site "Ceriano Laghetto ITA"]
[Date "2009.03.27"]
[Round "1"]
[White "Lapiccirella, Mattia"]
[Black "Bemporad, Filippo"]
[Result "0-1"]
[WhiteElo "2233"]
[BlackElo "2061"]
[PlyCount "128"]
[EventDate "2009.03.27"]

1. d4 d5 2. c4 c6 3. Nf3 Nf6 4. e3 g6 5. Nc3 Bg7 6. Bd3 O-O 7. O-O dxc4 8. Bxc4
Nbd7 9. Qe2 Nb6 10. Bb3 Bg4 11. h3 Bxf3 12. Qxf3 Qd6 13. Rd1 e5 14. dxe5 Qxe5
15. e4 Rad8 16. Bf4 Qe7 17. g4 Rfe8 18. Rxd8 Rxd8 19. Rd1 Rxd1+ 20. Qxd1 Nfd7
21. Bd6 Qf6 22. a4 Bf8 23. e5 Nxe5 24. Ne4 Qf4 25. Bxf8 Kxf8 26. Qd8+ Kg7 27.
Nd6 h5 28. Ne8+ Kh6 29. gxh5 gxh5 30. Qd6+ Ng6 31. a5 Qg5+ 32. Kf1 Nd5 33. a6
bxa6 34. Qxc6 Ndf4 35. Bxf7 Qe7 36. Bc4 Qe5 37. Nf6 Qxb2 38. Kg1 Qb1+ 39. Kh2
Qf5 40. Bf1 Qe5 41. Kg1 Ne6 42. Ne4 Nd4 43. Qc1+ Kg7 44. Qe3 a5 45. Nc3 Qxe3
46. fxe3 Ne6 47. Bb5 Nc5 48. Kf2 Kf6 49. Be8 h4 50. Kf3 Ne5+ 51. Kf4 Ncd3+ 52.
Ke4 Nf2+ 53. Kd5 Nxh3 54. Ne4+ Ke7 55. Kxe5 Kxe8 56. Nd6+ Kd7 57. Nb7 Ng5 58.
Kf4 h3 59. Kg3 Kc6 60. Nxa5+ Kd5 61. Nb3 Kc4 62. Nd2+ Kd3 63. Nf1 a5 64. Kf4 a4
0-1

[Event "XVIII Weekend A"]
[Site "Ceriano Laghetto ITA"]
[Date "2009.03.28"]
[Round "2"]
[White "Bemporad, Filippo"]
[Black "Lapiccirella, Daniele"]
[Result "1/2-1/2"]
[WhiteElo "2061"]
[BlackElo "2197"]
[PlyCount "50"]
[EventDate "2009.03.27"]

1. d4 d5 2. Nf3 Nf6 3. g3 c6 4. Bg2 Bg4 5. O-O e6 6. Ne5 Bh5 7. Nd2 Nbd7 8.
Ndf3 Bd6 9. c4 Qc7 10. Nxd7 Nxd7 11. c5 Be7 12. Bf4 Qc8 13. b4 O-O 14. Ne5 Re8
15. Qc2 Nxe5 16. dxe5 Qc7 17. Qb2 a5 18. a3 b6 19. Rfc1 axb4 20. axb4 Rxa1 21.
Rxa1 bxc5 22. bxc5 Bxc5 23. e4 Rb8 24. Qc2 Bd4 25. Rc1 Bxe5 1/2-1/2

[Event "XVIII Weekend A"]
[Site "Ceriano Laghetto ITA"]
[Date "2009.03.28"]
[Round "2"]
[White "Bozzali, Ermanno"]
[Black "Aglietti, Graziano"]
[Result "1-0"]
[WhiteElo "2140"]
[BlackElo "2019"]
[PlyCount "55"]
[EventDate "2009.03.27"]

1. e4 e6 2. d4 d5 3. Nc3 Bb4 4. e5 c5 5. Bd2 cxd4 6. Nb5 Bc5 7. Qg4 Ne7 8. Qxg7
Rg8 9. Qxh7 a6 10. Nd6+ Bxd6 11. exd6 Qxd6 12. Nf3 Nbc6 13. O-O-O e5 14. h4 Bf5
15. Qh6 Qc5 16. Ne1 O-O-O 17. Qf6 e4 18. Bg5 Bg4 19. f3 Be6 20. Kb1 Nf5 21. g4
Ng3 22. Rg1 Nxf1 23. Rxf1 Qc4 24. Rf2 e3 25. Rg2 Rde8 26. Nd3 Bd7 27. Qd6 f5
28. Bf4 1-0

[Event "XVIII Weekend A"]
[Site "Ceriano Laghetto ITA"]
[Date "2009.03.28"]
[Round "2"]
[White "De Filomeno, Simone"]
[Black "Petrov, Vladimir Olegov"]
[Result "1-0"]
[WhiteElo "2195"]
[BlackElo "2009"]
[PlyCount "117"]
[EventDate "2009.03.27"]

1. e4 c5 2. Nf3 d6 3. d4 cxd4 4. Nxd4 Nf6 5. Nc3 a6 6. h3 e5 7. Nde2 Be7 8. g4
h6 9. Bg2 Be6 10. O-O Nbd7 11. Ng3 Qc7 12. Nd5 Bxd5 13. exd5 g6 14. Be3 h5 15.
g5 Nh7 16. Ne4 f5 17. gxf6 Ndxf6 18. Nxf6+ Nxf6 19. Qd3 Rg8 20. b4 Rc8 21. Qa3
Qc3 22. Qa4+ Kf7 23. Rac1 Rc4 24. a3 Ra8 25. Bg5 b5 26. Qb3 Rac8 27. Qxc3 Rxc3
28. f4 e4 29. f5 Nxd5 30. fxg6+ Kxg6 31. Bxe7 Nxe7 32. Bxe4+ Kg7 33. Kh2 Re3
34. Rf4 Re2+ 35. Kh1 Rg8 36. Bd3 Re3 37. Kh2 Nd5 38. Rf5 Re5 39. Rxe5 dxe5 40.
c4 Nf4 41. Rg1+ Kf8 42. Rxg8+ Kxg8 43. cxb5 axb5 44. Bxb5 Kf7 45. Bc4+ Ke7 46.
Kg3 Kd6 47. a4 Ng6 48. Kf3 Ne7 49. Ke4 h4 50. b5 Kc5 51. Bf1 Kd6 52. a5 Nd5 53.
Bc4 Nf6+ 54. Kf5 Nd7 55. Kg4 e4 56. Kxh4 e3 57. Kg3 Kc5 58. Be2 Kd4 59. a6 1-0

[Event "XVIII Weekend A"]
[Site "Ceriano Laghetto ITA"]
[Date "2009.03.28"]
[Round "2"]
[White "Gagliardi, Christian"]
[Black "Cazzaniga, Walter"]
[Result "1-0"]
[WhiteElo "2209"]
[BlackElo "2192"]
[PlyCount "55"]
[EventDate "2009.03.27"]

1. e4 e6 2. d4 d5 3. Nc3 Bb4 4. e5 c5 5. a3 Bxc3+ 6. bxc3 Ne7 7. h4 Nbc6 8. h5
h6 9. Qg4 Nf5 10. Bd3 Rg8 11. Ne2 Qc7 12. Bxf5 exf5 13. Qg3 Ne7 14. e6 Qxg3 15.
exf7+ Kxf7 16. Nxg3 cxd4 17. cxd4 Nc6 18. Be3 f4 19. Bxf4 Nxd4 20. O-O-O Ne6
21. Be3 Rd8 22. Rh4 b6 23. Bd4 Ba6 24. Nf5 Rac8 25. Be5 Rc6 26. Ra4 Nc5 27. Rf4
Ke6 28. Nd4+ 1-0

[Event "XVIII Weekend A"]
[Site "Ceriano Laghetto ITA"]
[Date "2009.03.28"]
[Round "2"]
[White "Genocchio, Daniele"]
[Black "Berni, Fabrizio"]
[Result "1-0"]
[WhiteElo "2440"]
[BlackElo "2136"]
[PlyCount "25"]
[EventDate "2009.03.27"]

1. Nc3 d5 2. e4 d4 3. Nce2 Nf6 4. e5 Ng4 5. f4 h5 6. Nf3 c5 7. Ng3 h4 8. Ne4
Qd5 9. Bb5+ Nc6 10. d3 b6 11. Nfg5 Nh6 12. Qf3 Kd8 13. Bc4 1-0

[Event "XVIII Weekend A"]
[Site "Ceriano Laghetto ITA"]
[Date "2009.03.28"]
[Round "2"]
[White "La Manna, Andrea"]
[Black "Aranovitch, Emiliano"]
[Result "1-0"]
[WhiteElo "2167"]
[BlackElo "2375"]
[PlyCount "81"]
[EventDate "2009.03.27"]

1. d4 Nf6 2. c4 c5 3. d5 g6 4. Nc3 Bg7 5. e4 O-O 6. Bd3 e6 7. Nge2 exd5 8. cxd5
Re8 9. O-O d6 10. Ng3 b6 11. f4 Ba6 12. Bxa6 Nxa6 13. Qf3 Nb4 14. Rb1 Nc2 15.
h3 Nd4 16. Qf2 Nd7 17. e5 dxe5 18. f5 Qh4 19. Nce4 f6 20. Qe1 Nxf5 21. Nxf5
Qxe1 22. Rxe1 gxf5 23. Nd6 Red8 24. Nxf5 Nf8 25. Be3 Ng6 26. Rbd1 Rd7 27. Rd2
Rad8 28. Red1 Ne7 29. Nxe7+ Rxe7 30. g4 Kf7 31. Kf2 Kg6 32. Kf3 f5 33. gxf5+
Kxf5 34. Rf1 Red7 35. Rg2 e4+ 36. Ke2+ Ke5 37. Rg5+ Kd6 38. Bf4+ Ke7 39. Rxg7+
Kf6 40. Rxd7 Rxd7 41. d6 1-0

[Event "XVIII Weekend A"]
[Site "Ceriano Laghetto ITA"]
[Date "2009.03.28"]
[Round "2"]
[White "Lapiccirella, Mattia"]
[Black "Boffa, Mauro"]
[Result "1-0"]
[WhiteElo "2233"]
[BlackElo "2059"]
[PlyCount "83"]
[EventDate "2009.03.27"]

1. d4 f5 2. Nc3 Nf6 3. Bg5 d5 4. f3 Nc6 5. Qd2 e6 6. O-O-O Be7 7. e3 O-O 8.
Nge2 b6 9. Nf4 h6 10. Bxf6 Bxf6 11. Ng6 Re8 12. Bb5 Bd7 13. Bxc6 Bxc6 14. f4 a5
15. h3 b5 16. g4 Qd6 17. Ne2 Qb4 18. Ng3 Qxd2+ 19. Kxd2 Bd7 20. gxf5 exf5 21.
h4 c5 22. Ne5 Be6 23. Rdg1 Kh7 24. Nh5 Bxe5 25. fxe5 Ra7 26. Rh2 Ree7 27. Rhg2
c4 28. Rg6 Rac7 29. Nf4 Rc6 30. h5 Kh8 31. Ke2 Kh7 32. Kf3 b4 33. Nxe6 Rcxe6
34. Kf4 Kg8 35. Kxf5 Kf7 36. Rxg7+ Ke8 37. Rxe7+ Rxe7 38. e6 Kd8 39. Ke5 a4 40.
Kd6 Re8 41. Rg7 b3 42. cxb3 1-0

[Event "XVIII Weekend A"]
[Site "Ceriano Laghetto ITA"]
[Date "2009.03.28"]
[Round "2"]
[White "Ranfagni, Stefano"]
[Black "Codenotti, Marco"]
[Result "1/2-1/2"]
[WhiteElo "2041"]
[BlackElo "1992"]
[PlyCount "93"]
[EventDate "2009.03.27"]

1. e4 c5 2. Nc3 Nc6 3. g3 g6 4. Bg2 Bg7 5. Nge2 e6 6. O-O Nge7 7. d3 d6 8. Be3
Nd4 9. Qd2 Nec6 10. Nd1 O-O 11. c3 Nxe2+ 12. Qxe2 b5 13. f4 Qc7 14. Qf3 Bb7 15.
Qg4 b4 16. Rc1 Qa5 17. e5 bxc3 18. Rxc3 dxe5 19. Rxc5 Qa6 20. Qe2 exf4 21. Rxf4
Rad8 22. Nc3 Nd4 23. Qf2 e5 24. Rh4 Bxg2 25. Qxg2 Qxd3 26. Qe4 Qxe4 27. Rxe4 f5
28. Rh4 Nf3+ 29. Kf2 Nxh4 30. gxh4 e4 31. Nd5 Rd7 32. b4 Rb8 33. Nf4 Bd4 34.
Ra5 Bxe3+ 35. Kxe3 Kf7 36. h5 g5 37. Rxf5+ Ke7 38. Rxg5 Kf6 39. h4 Re8 40. a4
Re5 41. Rg8 Kf5 42. h6 Kf6 43. Rf8+ Ke7 44. Ng6+ hxg6 45. h7 Rh5 46. h8=Q Rxh8
47. Rxh8 1/2-1/2

[Event "XVIII Weekend A"]
[Site "Ceriano Laghetto ITA"]
[Date "2009.03.28"]
[Round "2"]
[White "Vezzosi, Paolo"]
[Black "La Manna, Francesco"]
[Result "1-0"]
[WhiteElo "2374"]
[BlackElo "2156"]
[PlyCount "37"]
[EventDate "2009.03.27"]

1. Nf3 d5 2. c4 d4 3. b4 f6 4. e3 dxe3 5. fxe3 e5 6. a3 c5 7. bxc5 Bxc5 8. d4
exd4 9. exd4 Bb6 10. c5 Ba5+ 11. Bd2 Be6 12. Bb5+ Nc6 13. O-O Bxd2 14. Nbxd2
Nge7 15. Qe2 Bd5 16. Bxc6+ bxc6 17. Rae1 Rf8 18. Ne4 Bxe4 19. Qxe4 1-0

[Event "XVIII Weekend A"]
[Site "Ceriano Laghetto ITA"]
[Date "2009.03.28"]
[Round "3"]
[White "Aglietti, Graziano"]
[Black "Berni, Fabrizio"]
[Result "0-1"]
[WhiteElo "2019"]
[BlackElo "2136"]
[PlyCount "52"]
[EventDate "2009.03.27"]

1. e4 Nc6 2. d4 d6 3. f4 d5 4. e5 Bf5 5. c3 e6 6. Bd3 Nh6 7. Nf3 Be7 8. Ng5 Qd7
9. Na3 O-O-O 10. Bxf5 Nxf5 11. g4 Nh6 12. Qe2 f6 13. exf6 gxf6 14. Nxe6 Bxa3
15. bxa3 f5 16. Nc5 Qd6 17. Qb5 Rde8+ 18. Kd1 Nd8 19. Rb1 Nxg4 20. Rf1 a6 21.
Qd3 Qg6 22. h3 Nf6 23. Rxb7 Nxb7 24. Qxa6 Qh5+ 25. Kd2 Ne4+ 26. Nxe4 Rxe4 0-1

[Event "XVIII Weekend A"]
[Site "Ceriano Laghetto ITA"]
[Date "2009.03.28"]
[Round "3"]
[White "Aranovitch, Emiliano"]
[Black "Lapiccirella, Mattia"]
[Result "1-0"]
[WhiteElo "2375"]
[BlackElo "2233"]
[PlyCount "67"]
[EventDate "2009.03.27"]

1. e4 c5 2. Nf3 Nc6 3. Bb5 g6 4. O-O Bg7 5. Bxc6 dxc6 6. h3 Nf6 7. d3 O-O 8.
Nc3 Ne8 9. Be3 b6 10. Qd2 Nc7 11. Bh6 Ne6 12. Bxg7 Kxg7 13. Ne2 f6 14. Rad1 Nd4
15. Nfxd4 cxd4 16. f4 e5 17. fxe5 fxe5 18. Rxf8 Qxf8 19. Qg5 Qf6 20. Qg3 Ba6
21. Rf1 Qe7 22. Kh2 Re8 23. Ng1 Bc8 24. Nf3 h6 25. a4 c5 26. b3 a6 27. Nd2 b5
28. axb5 axb5 29. Nf3 Qd6 30. Ra1 Re7 31. Ra5 Bd7 32. Ra7 Kf6 33. Qh4+ Kg7 34.
Ra6 1-0

[Event "XVIII Weekend A"]
[Site "Ceriano Laghetto ITA"]
[Date "2009.03.28"]
[Round "3"]
[White "Bemporad, Filippo"]
[Black "Gagliardi, Christian"]
[Result "1/2-1/2"]
[WhiteElo "2061"]
[BlackElo "2209"]
[PlyCount "79"]
[EventDate "2009.03.27"]

1. d4 Nf6 2. Nf3 g6 3. c4 Bg7 4. Nc3 O-O 5. e4 d6 6. Be2 e5 7. O-O Nc6 8. d5
Ne7 9. Ne1 Ne8 10. Nd3 f5 11. Bd2 Nf6 12. f3 f4 13. g4 fxg3 14. hxg3 c6 15. Kg2
a6 16. a4 a5 17. Be3 Rf7 18. Qd2 Bf8 19. Rh1 c5 20. Raf1 Bg7 21. Nf2 Ne8 22.
Nh3 Bxh3+ 23. Rxh3 Nc7 24. Rhh1 Nc8 25. Rf2 Nb6 26. Rff1 Nd7 27. Nd1 Qe7 28.
Nf2 b6 29. Nh3 Rff8 30. Ng5 Nf6 31. Nh3 Rad8 32. Rf2 Qd7 33. b3 Rde8 34. Kf1
Re7 35. Kg2 Qe8 36. Kh2 Nh5 37. Rg2 Rd7 38. Rf2 Qe7 39. Kg2 Qe8 40. Qd1 1/2-1/2

[Event "XVIII Weekend A"]
[Site "Ceriano Laghetto ITA"]
[Date "2009.03.28"]
[Round "3"]
[White "Cazzaniga, Walter"]
[Black "Ranfagni, Stefano"]
[Result "1-0"]
[WhiteElo "2192"]
[BlackElo "2041"]
[PlyCount "77"]
[EventDate "2009.03.27"]

1. d4 e6 2. c4 f5 3. g3 Nf6 4. Bg2 c6 5. Nf3 d5 6. O-O Be7 7. b3 O-O 8. Bb2 Ne4
9. Nbd2 Nd7 10. e3 Qe8 11. Qc2 Qh5 12. Nxe4 fxe4 13. Nd2 Rf6 14. f4 Rh6 15. h3
Nf6 16. Rf2 Qg6 17. Nf1 Nh5 18. g4 Bh4 19. gxh5 Bxf2+ 20. Qxf2 Rxh5 21. Ng3 Rh6
22. Kh2 Bd7 23. Ba3 Qf7 24. Rf1 Re8 25. Bd6 g5 26. Qe2 gxf4 27. Bxf4 Rg6 28.
Be5 Qe7 29. Nh5 Qh4 30. Rf2 Rf8 31. Rxf8+ Kxf8 32. Bd6+ Kg8 33. Qf1 Qd8 34. Nf4
Rg7 35. Be5 Rf7 36. Qf2 Qg5 37. h4 Qg6 38. Qe1 Qf5 39. Bh3 1-0

[Event "XVIII Weekend A"]
[Site "Ceriano Laghetto ITA"]
[Date "2009.03.28"]
[Round "3"]
[White "Codenotti, Marco"]
[Black "Boffa, Mauro"]
[Result "1-0"]
[WhiteElo "1992"]
[BlackElo "2059"]
[PlyCount "145"]
[EventDate "2009.03.27"]

1. e4 e5 2. Nf3 Nc6 3. Bc4 Nf6 4. d3 Be7 5. c3 d6 6. Bb3 O-O 7. O-O Na5 8. Bc2
c5 9. Nbd2 Re8 10. Re1 Bf8 11. Nf1 Nc6 12. h3 g6 13. Bg5 h6 14. Bh4 Bg7 15. Ne3
Be6 16. Nh2 Qd7 17. Bxf6 Bxf6 18. Bb3 Bg7 19. Bxe6 fxe6 20. Nef1 Rf8 21. Re3
Rf4 22. g3 Rf7 23. Qg4 Kh7 24. Rf3 Raf8 25. Kg2 Ne7 26. Rxf7 Rxf7 27. Nf3 Ng8
28. Ne3 Nf6 29. Qh4 Kg8 30. Ng4 Nh5 31. Ne3 Qe8 32. Nd2 Kh7 33. Qg4 Nf6 34. Qe2
Qc6 35. Ng4 Nd7 36. a3 Nb6 37. b3 Nd7 38. Ne3 d5 39. Ng4 h5 40. Nh2 Bh6 41.
Nhf3 d4 42. c4 Qd6 43. Rb1 Qf8 44. b4 Qg7 45. Nb3 cxb4 46. axb4 Qf6 47. Na5 Nf8
48. c5 g5 49. Nc4 Ng6 50. Nd6 Rg7 51. Ne8 Qf7 52. Nxg7 Qxg7 53. Nh2 g4 54. hxg4
h4 55. Nf3 hxg3 56. fxg3 Be3 57. Nh4 Ne7 58. Rf1 Kg8 59. Kh3 Bg5 60. Kg2 Bxh4
61. gxh4 Ng6 62. Kg3 Qh6 63. h5 Nf4 64. Qf3 Qg5 65. Rh1 a6 66. Kf2 Kh7 67. Ke1
Ng2+ 68. Ke2 Nf4+ 69. Kf2 Kh6 70. Rh2 Qf6 71. Ke1 Qg5 72. Qg3 Qf6 73. g5+ 1-0

[Event "XVIII Weekend A"]
[Site "Ceriano Laghetto ITA"]
[Date "2009.03.28"]
[Round "3"]
[White "De Filomeno, Simone"]
[Black "Vezzosi, Paolo"]
[Result "0-1"]
[WhiteElo "2195"]
[BlackElo "2374"]
[PlyCount "88"]
[EventDate "2009.03.27"]

1. e4 c6 2. d4 d5 3. e5 Bf5 4. c4 e6 5. Nc3 dxc4 6. Bxc4 Ne7 7. Nge2 Nd5 8. O-O
Nd7 9. Ng3 Bg6 10. Bxd5 cxd5 11. f4 Nb6 12. f5 exf5 13. Nxf5 Qd7 14. Nh4 Be7
15. Nxg6 hxg6 16. b3 O-O 17. Be3 Rac8 18. Qd3 Qc6 19. Nb5 Qc2 20. Qxc2 Rxc2 21.
Rf2 Rxf2 22. Kxf2 a6 23. Nc3 Rc8 24. Bd2 Ba3 25. Rb1 Bb4 26. Rc1 Bxc3 27. Rxc3
Rxc3 28. Bxc3 Na8 29. Ke3 f6 30. exf6 gxf6 31. Kf3 Nc7 32. Bd2 Kf7 33. h4 Ne6
34. Be3 f5 35. g4 Kf6 36. h5 fxg4+ 37. Kxg4 gxh5+ 38. Kxh5 Kf5 39. Bf2 b6 40.
Kh6 Ke4 41. Kg6 Nxd4 42. Kf6 Nc6 43. Ke6 d4 44. Bh4 d3 0-1

[Event "XVIII Weekend A"]
[Site "Ceriano Laghetto ITA"]
[Date "2009.03.28"]
[Round "3"]
[White "La Manna, Francesco"]
[Black "Bozzali, Ermanno"]
[Result "1-0"]
[WhiteElo "2156"]
[BlackElo "2140"]
[PlyCount "71"]
[EventDate "2009.03.27"]

1. d4 e6 2. c4 Nf6 3. Nc3 Bb4 4. a3 Bxc3+ 5. bxc3 O-O 6. f3 d5 7. cxd5 exd5 8.
e3 c5 9. Bd3 Re8 10. Ne2 Nc6 11. O-O Bd7 12. Ng3 Qa5 13. Bd2 c4 14. Bc2 Ne7 15.
e4 Bc6 16. e5 Nd7 17. f4 f6 18. Qh5 g6 19. Qh4 f5 20. a4 Nf8 21. Rf3 Qd8 22.
Nf1 Nc8 23. Qf2 a5 24. Ne3 Qd7 25. h3 Nb6 26. g4 Bxa4 27. Rxa4 Nxa4 28. gxf5
Nb2 29. Ng4 Kh8 30. Nf6 Qg7 31. fxg6 Nxg6 32. Rg3 Nd3 33. Bxd3 cxd3 34. f5 a4
35. fxg6 hxg6 36. Nxe8 1-0

[Event "XVIII Weekend A"]
[Site "Ceriano Laghetto ITA"]
[Date "2009.03.28"]
[Round "3"]
[White "Lapiccirella, Daniele"]
[Black "La Manna, Andrea"]
[Result "1/2-1/2"]
[WhiteElo "2197"]
[BlackElo "2167"]
[PlyCount "32"]
[EventDate "2009.03.27"]

1. d4 d6 2. c4 f5 3. Nf3 Nf6 4. e3 g6 5. Be2 Bg7 6. O-O O-O 7. Nc3 Qe8 8. b4 e5
9. dxe5 dxe5 10. Nd5 Nxd5 11. Qxd5+ Kh8 12. Bb2 Nd7 13. c5 c6 14. Qb3 e4 15.
Nd4 Ne5 16. Rad1 Qe7 1/2-1/2

[Event "XVIII Weekend A"]
[Site "Ceriano Laghetto ITA"]
[Date "2009.03.28"]
[Round "3"]
[White "Petrov, Vladimir Olegov"]
[Black "Genocchio, Daniele"]
[Result "0-1"]
[WhiteElo "2009"]
[BlackElo "2440"]
[PlyCount "68"]
[EventDate "2009.03.27"]

1. e4 c5 2. c3 e6 3. d4 d5 4. e5 Bd7 5. Nf3 Qb6 6. Bd3 cxd4 7. cxd4 Nc6 8. Nc3
Nxd4 9. Nxd4 Qxd4 10. O-O a6 11. Qe2 Ne7 12. Rd1 Nc6 13. Bxa6 Qxe5 14. Bxb7
Qxe2 15. Nxe2 Rb8 16. Bxc6 Bxc6 17. Nd4 Bd7 18. a3 Bd6 19. b4 O-O 20. Bb2 Rfc8
21. Rac1 Bf4 22. Rxc8+ Rxc8 23. g3 Ba4 24. Rd3 Bc1 25. Bxc1 Rxc1+ 26. Kg2 e5
27. Ne2 Ra1 28. Rc3 f6 29. Rc5 Rxa3 30. b5 d4 31. b6 Rb3 32. Rc8+ Kf7 33. Rc7+
Kg6 34. b7 Rxb7 0-1

[Event "XVIII Weekend A"]
[Site "Ceriano Laghetto ITA"]
[Date "2009.03.29"]
[Round "4"]
[White "Berni, Fabrizio"]
[Black "Bozzali, Ermanno"]
[Result "1-0"]
[WhiteElo "2136"]
[BlackElo "2140"]
[PlyCount "107"]
[EventDate "2009.03.27"]

1. e4 c5 2. Nf3 d6 3. Bb5+ Nd7 4. O-O Ngf6 5. Re1 e6 6. c3 Qb6 7. a4 a6 8. Bf1
Be7 9. d4 O-O 10. Nbd2 Qc7 11. Bd3 e5 12. Nf1 cxd4 13. cxd4 exd4 14. Nxd4 Ne5
15. Bb1 Bg4 16. f3 Bd7 17. Ne3 Rfc8 18. Bd2 Qb6 19. Bc3 Nc4 20. Nxc4 Rxc4 21.
a5 Qa7 22. Ba2 Rc7 23. Kh1 Rac8 24. Qd2 Qc5 25. Qf4 Rf8 26. Rad1 Nh5 27. Qe3
Bg5 28. Qf2 Ba4 29. Ra1 Bb5 30. Rad1 Ba4 31. Ra1 Bb5 32. g3 Kh8 33. Rad1 Ba4
34. Ra1 Bc6 35. Qe2 Re7 36. Nxc6 bxc6 37. Qxa6 f5 38. Qd3 fxe4 39. Rxe4 Rxe4
40. fxe4 Qf2 41. Bd4 Qd2 42. Qxd2 Bxd2 43. a6 c5 44. Bc3 Bxc3 45. bxc3 Ra8 46.
Bd5 Ra7 47. Rb1 h6 48. Bc4 Nf6 49. Rb7 Ra8 50. a7 Kh7 51. Bd3 c4 52. Bc2 Ne8
53. e5+ Kg8 54. exd6 1-0

[Event "XVIII Weekend A"]
[Site "Ceriano Laghetto ITA"]
[Date "2009.03.29"]
[Round "4"]
[White "Boffa, Mauro"]
[Black "Cazzaniga, Walter"]
[Result "1-0"]
[WhiteElo "2059"]
[BlackElo "2192"]
[PlyCount "108"]
[EventDate "2009.03.27"]

1. d4 Nf6 2. c4 g6 3. Nc3 Bg7 4. e4 d6 5. f3 O-O 6. Nge2 Nc6 7. Be3 a6 8. Qd2
Rb8 9. Nc1 e5 10. d5 Nd4 11. N1e2 c5 12. dxc6 bxc6 13. Nxd4 exd4 14. Bxd4 Re8
15. Be2 d5 16. cxd5 Rb4 17. Bc5 Nxe4 18. fxe4 Bxc3 19. Qxc3 Rbxe4 20. O-O Rxe2
21. dxc6 Qg5 22. Rf2 Bh3 23. Bf8 Qe5 24. Qxe5 R2xe5 25. Bd6 Rd5 26. Bg3 Bc8 27.
Rc1 f5 28. Rfc2 g5 29. Re1 Rxe1+ 30. Bxe1 Kf7 31. Bb4 a5 32. Ba3 f4 33. Kf2 h5
34. g3 fxg3+ 35. Kxg3 Rd3+ 36. Kg2 Ke6 37. Rc5 Rd5 38. Rc2 Rd3 39. Kf2 g4 40.
Re2+ Kf5 41. Re8 Be6 42. Ke1 Rd4 43. b3 Rd3 44. Bb2 Rd6 45. c7 Rc6 46. Rb8 Rxc7
47. Rb5+ Kg6 48. Rxa5 Rc2 49. Be5 Rg2 50. Bg3 Kf6 51. Kf1 Rc2 52. Bf2 Kf7 53.
Kg2 Re2 54. Kg3 Kg7 1-0

[Event "XVIII Weekend A"]
[Site "Ceriano Laghetto ITA"]
[Date "2009.03.29"]
[Round "4"]
[White "Codenotti, Marco"]
[Black "Bemporad, Filippo"]
[Result "0-1"]
[WhiteElo "1992"]
[BlackElo "2061"]
[PlyCount "96"]
[EventDate "2009.03.27"]

1. e4 c5 2. Nf3 d6 3. d4 cxd4 4. Nxd4 e6 5. Nc3 Be7 6. Be3 a6 7. f4 Nf6 8. Be2
Nc6 9. O-O O-O 10. a4 Qc7 11. Kh1 Na5 12. Bf3 Nc4 13. Bc1 Rb8 14. g4 Re8 15. g5
Nd7 16. Bg2 b6 17. Qh5 Bb7 18. b3 g6 19. Qh3 Na5 20. Nxe6 fxe6 21. Qxe6+ Kf8
22. f5 Bf6 23. Nd5 Bxd5 24. Qxd5 Bxa1 25. Ba3 Be5 26. fxg6+ Ke7 27. g7 Qc6 28.
g8=Q Rxg8 29. Qf7+ Kd8 30. Qxg8+ Kc7 31. Qxh7 Rh8 32. Qf5 Rxh2+ 33. Kg1 Qc3 34.
Qf3 Qd2 35. g6 Qh6 36. Rd1 Qxg6 37. Bb4 Nc6 38. c3 Rh7 39. Qd3 Qh6 40. Rd2 a5
41. Ba3 Rf7 42. Rf2 Bh2+ 43. Kf1 Rxf2+ 44. Kxf2 Nce5 45. Qe2 Qf4+ 46. Ke1 Ng4
47. Bf3 Bg3+ 48. Kf1 Nge5 0-1